000 00621nam a2200181Ia 4500
008 090124s9999 xx 000 0 und d
082 _b28916
100 _aकर्णिक मधु मंगेश
245 _a जिवाभावाचा गोवा
250 _a1
260 _bप्रतिमा प्रकाशन
_c1986
300 _a154
600 _aकर्णिक मधु मंगेश
630 _a जिवाभावाचा गोवा
700 _aकर्णिक मधु मंगेश
730 _a जिवाभावाचा गोवा
942 _cBOOK
999 _c95591
_d95591